Top 15 Best football teams in the Netherlands - Statistics

General Stats
  • This quiz has been taken 750 times
  • The average score is 10 of 15
Answer Stats
Position Answer % Correct
1 Ajax
100%
2 PSV
98%
3 Feyenoord
96%
9 AZ
88%
4 FC Twente
82%
6 FC Utrecht
77%
11 FC Groningen
73%
5 Sparta
68%
13 Vitesse
67%
14 NEC
58%
8 NAC Breda
57%
10 ADO Den Haag
49%
12 Willem II
44%
7 Roda JC
37%
15 MVV
23%
No matching quizzes found
Score Distribution
Percent of People with Each Score
Percentile by Number Answered
Your Score History
You have not taken this quiz